Design methods for reactive systems: yourdon, statemate and the UML

Spremljeno u:
Bibliografski detalji
Glavni autor: Wieringa, R. J (Autor)
Format: Knjiga
Jezik:engleski
Izdano: Amsterdam Morgan Kaufmann 2003
Izdanje:1a. ed
Teme:
Oznake: Dodaj oznaku
Bez oznaka, Budi prvi tko označuje ovaj zapis!

MARC

LEADER 00000nam a2200000 a 4500
001 UCK2506
003 CL-VaPUC
008 050120e20030000NE |||||||||||||||||eng|d
020 |a 1558607552 
082 0 4 |a 005.2  |b WIE  |2 21 
100 0 |a Wieringa, R. J  |e author  |9 490372 
245 1 0 |a Design methods for reactive systems: yourdon, statemate and the UML 
250 |a 1a. ed 
300 |a 457 p 
942 |c BK 
945 |d 20050120 00:00:00  |a vberengu 
260 |a Amsterdam  |b Morgan Kaufmann  |c 2003 
500 |a Design Methods for Reactive Systems describes methods and techniques for the design of software systems-particularly reactive software systems 
650 0 |a Sistemas operativos   |9 260288 
650 0 |a Software  |9 387312 
583 |a last modification  |c 20050120 00:00:00  |k Rodrigo Vera 
999 |c 312019  |d 312017 
952 |0 0  |1 0  |4 0  |6 005_200000000000000_WIE_2003  |7 0  |8 A  |9 381804  |a BIBING  |b BIBING  |d 2019-11-21  |i 4093569  |o 005.2 WIE 2003  |p 4093569  |r 2025-01-20  |w 2019-11-21  |y BK  |k EII